000
00287nam a2200145Ia 4500
100
_a
ECA
942
_c
BK
654
_a
ELECTRONIC
245
_a
CMOS Data book
260
_b
BPB Pub
_a
New Delhi
_c
1992
082
_a
621.3815
_b
ECA
300
_a
273
546
_a
ENGLISH
999
_c
30617
_d
30617